Top 30 universities in the UK (2021) - Statistics

General Stats
  • This quiz has been taken 479 times
  • The average score is 21 of 30
Answer Stats
Answer % Correct
2 University of Oxford
100%
1 University of Cambridge
99%
10 UCL (University College London)
95%
17 University of Manchester
92%
5 Imperial College London
89%
15 University of Edinburgh
88%
20 King's College London
84%
13 University of Birmingham
84%
30 Cardiff University
83%
14 University of Bristol
83%
19 University of Glasgow
82%
16 University of Leeds
82%
7 Durham University
81%
23 Newcastle University
79%
3 University of St Andrews
76%
21 University of Nottingham
75%
12 University of Exeter
70%
28 University of Sheffield
68%
4 London School of Economics and Politics
67%
9 University of Bath
67%
22 University of York
66%
11 University of Warwick
65%
18 University of Southampton
63%
27 Queen's University Belfast
59%
6 Loughborough University
58%
8 Lancaster University
55%
26 University of Aberdeen
54%
29 Heriot-Watt University
22%
24 Royal Holloway
22%
25 University of East Anglia UEA
19%
No matching quizzes found
Score Distribution
Percent of People with Each Score
Percentile by Number Answered
Your Score History
You have not taken this quiz